000 00328nam a22001457a 4500
003 OSt
005 20160727222406.0
008 160623b xxu||||| |||| 00| 0 eng d
040 _cTEST
100 _9846
_aBahri, U.S
245 _aLanguage Forum
260 _aN.Y
_b Bahri Pub Pvt Ltd
300 _aLanguage Forum
942 _2ddc
_cBK
999 _c672
_d672